[Event "Turniej Blitza na II Lidze Juniorów 2018"]
[Site "Szczyrk, Poland"]
[Date "2018.07.26"]
[Round "3.29"]
[White "Kawaler, Adam"]
[Black "Wojtasik, Szymon"]
[Result "1-0"]
[TimeControl "3'+2\""]
[WhiteElo "1602"]
[BlackElo "1323"]

1. d4 {[%clk 00:03:02]} {[%emt 00:00:02]} d5 {[%clk 00:03:03]} {[%emt
00:00:02]} 2. Nf3 {[%clk 00:03:03]} {[%emt 00:00:01]} Nf6 {[%clk 00:03:04]}
{[%emt 00:00:01]} 3. c4 {[%clk 00:03:04]} c6 {[%clk 00:03:04]} {[%emt
00:00:03]} 4. e3 {[%clk 00:03:05]} {[%emt 00:00:01]} e6 {[%clk 00:02:51]}
{[%emt 00:00:15]} 5. Nc3 {[%clk 00:03:06]} Bb4 {[%clk 00:02:49]} {[%emt
00:00:04]} 6. Bd2 {[%clk 00:03:06]} {[%emt 00:00:02]} O-O {[%clk 00:02:48]}
{[%emt 00:00:03]} 7. cxd5 {[%clk 00:03:06]} {[%emt 00:00:03]} exd5 {[%clk
00:02:44]} {[%emt 00:00:05]} 8. Bd3 {[%clk 00:03:04]} {[%emt 00:00:03]} h6
{[%clk 00:02:42]} {[%emt 00:00:04]} 9. h3 {[%clk 00:03:05]} {[%emt 00:00:02]}
Qe7 {[%clk 00:02:28]} {[%emt 00:00:16]} 10. O-O {[%clk 00:03:04]} {[%emt
00:00:02]} Bxc3 {[%clk 00:02:29]} {[%emt 00:00:01]} 11. bxc3 {[%clk 00:03:05]}
{[%emt 00:00:01]} Ne4 {[%clk 00:02:30]} {[%emt 00:00:02]} 12. Bxe4 {[%clk
00:02:48]} {[%emt 00:00:19]} Qxe4 {[%clk 00:02:08]} {[%emt 00:00:24]} 13. Qe2
{[%clk 00:02:27]} {[%emt 00:00:23]} Nd7 {[%clk 00:01:33]} {[%emt 00:00:37]} 14.
c4 {[%clk 00:02:24]} {[%emt 00:00:04]} Nb6 {[%clk 00:01:32]} {[%emt 00:00:04]}
15. Bb4 {[%clk 00:01:53]} {[%emt 00:00:34]} Re8 {[%clk 00:01:25]} {[%emt
00:00:08]} 16. Nd2 {[%clk 00:01:50]} {[%emt 00:00:05]} Qg6 {[%clk 00:01:22]}
{[%emt 00:00:05]} 17. Kh2 {[%clk 00:01:51]} Be6 {[%clk 00:01:15]} {[%emt
00:00:09]} 18. cxd5 {[%clk 00:01:24]} {[%emt 00:00:29]} Bxd5 {[%clk 00:00:46]}
{[%emt 00:00:31]} 19. Qg4 {[%clk 00:01:17]} {[%emt 00:00:08]} Qxg4 {[%clk
00:00:42]} {[%emt 00:00:07]} 20. hxg4 {[%clk 00:01:19]} {[%emt 00:00:01]} Nc4
{[%clk 00:00:26]} {[%emt 00:00:17]} 21. Nxc4 {[%emt 00:00:14]} Bxc4 22. Rfc1
{[%clk 00:01:06]} {[%emt 00:00:01]} Be6 {[%clk 00:00:25]} {[%emt 00:00:05]} 23.
f3 {[%clk 00:01:07]} {[%emt 00:00:01]} Rec8 {[%clk 00:00:25]} {[%emt 00:00:02]}
24. e4 {[%clk 00:01:05]} {[%emt 00:00:04]} b6 {[%clk 00:00:25]} {[%emt
00:00:03]} 25. Rc2 {[%clk 00:00:59]} {[%emt 00:00:09]} a5 {[%clk 00:00:15]}
{[%emt 00:00:12]} 26. Bd6 {[%clk 00:00:58]} {[%emt 00:00:02]} Bd7 {[%clk
00:00:11]} {[%emt 00:00:06]} 27. Rac1 {[%clk 00:00:54]} {[%emt 00:00:06]} Ra6
{[%clk 00:00:11]} {[%emt 00:00:01]} 28. d5 {[%clk 00:00:43]} {[%emt 00:00:13]}
c5 {[%clk 00:00:12]} {[%emt 00:00:02]} 29. Be5 {[%clk 00:00:44]} f6 {[%clk
00:00:12]} {[%emt 00:00:02]} 30. Bb2 {[%clk 00:00:45]} Kf7 {[%clk 00:00:13]}
{[%emt 00:00:01]} 31. Kg3 {[%clk 00:00:44]} {[%emt 00:00:02]} g5 {[%clk
00:00:14]} {[%emt 00:00:01]} 32. Re1 {[%clk 00:00:42]} {[%emt 00:00:04]} Re8
{[%clk 00:00:14]} {[%emt 00:00:03]} 33. e5 {[%clk 00:00:38]} {[%emt 00:00:05]}
fxe5 {[%clk 00:00:13]} {[%emt 00:00:03]} 34. Rxe5 {[%clk 00:00:39]} {[%emt
00:00:02]} Rxe5 {[%clk 00:00:14]} 35. Bxe5 {[%clk 00:00:40]} Ra8 {[%clk
00:00:11]} {[%emt 00:00:05]} 36. Bc7 {[%clk 00:00:36]} {[%emt 00:00:07]} b5
{[%clk 00:00:07]} {[%emt 00:00:06]} 37. Rxc5 {[%clk 00:00:34]} {[%emt
00:00:04]} b4 {[%clk 00:00:08]} {[%emt 00:00:01]} 38. Bxa5 {[%clk 00:00:30]}
{[%emt 00:00:07]} b3 {[%clk 00:00:06]} {[%emt 00:00:03]} 39. axb3 {[%clk
00:00:31]} {[%emt 00:00:01]} Rb8 {[%clk 00:00:08]} 40. b4 {[%clk 00:00:32]}
{[%emt 00:00:01]} Be8 {[%clk 00:00:08]} 41. Rc7+ {[%clk 00:00:33]} {[%emt
00:00:01]} Kf8 {[%clk 00:00:09]} {[%emt 00:00:01]} 42. Rh7 {[%clk 00:00:31]}
{[%emt 00:00:03]} Rb5 {[%clk 00:00:09]} {[%emt 00:00:02]} 43. Rxh6 {[%clk
00:00:26]} {[%emt 00:00:07]} Rxd5 {[%clk 00:00:11]} 44. Bb6 {[%clk 00:00:25]}
{[%emt 00:00:03]} Kg7 {[%clk 00:00:09]} {[%emt 00:00:04]} 45. Re6 {[%clk
00:00:21]} {[%emt 00:00:05]} Bd7 {[%clk 00:00:09]} {[%emt 00:00:03]} 46. Re7+
{[%clk 00:00:21]} Kf6 {[%clk 00:00:11]} 47. Rh7 {[%clk 00:00:21]} {[%emt
00:00:03]} Kg6 {[%clk 00:00:07]} {[%emt 00:00:06]} 48. Rh8 {[%clk 00:00:22]}
{[%emt 00:00:01]} Kg7 {[%clk 00:00:08]} 49. Rd8 {[%clk 00:00:21]} {[%emt
00:00:03]} Bc6 {[%clk 00:00:09]} {[%emt 00:00:01]} 50. Rxd5 {[%clk 00:00:21]}
{[%emt 00:00:02]} Bxd5 {[%clk 00:00:10]} 51. Bc5 {[%clk 00:00:22]} {[%emt
00:00:01]} Bb7 {[%clk 00:00:11]} {[%emt 00:00:01]} 52. Kf2 {[%clk 00:00:23]}
Bc6 {[%clk 00:00:13]} 53. Ke3 {[%clk 00:00:25]} Kf7 {[%clk 00:00:14]} 54. Kd4
{[%clk 00:00:26]} Ke6 {[%clk 00:00:16]} 55. Kc4 {[%clk 00:00:25]} {[%emt
00:00:03]} Ba8 {[%clk 00:00:15]} {[%emt 00:00:03]} 56. Kb5 {[%clk 00:00:25]}
{[%emt 00:00:02]} Kd7 {[%clk 00:00:16]} {[%emt 00:00:01]} 57. Be3 {[%clk
00:00:24]} {[%emt 00:00:03]} Bc6+ {[%clk 00:00:15]} {[%emt 00:00:03]} 58. Kc5
{[%clk 00:00:25]} {[%emt 00:00:01]} Ba4 {[%clk 00:00:09]} {[%emt 00:00:07]} 59.
Bxg5 {[%clk 00:00:25]} {[%emt 00:00:03]} Bd1 {[%clk 00:00:09]} {[%emt
00:00:01]} 60. Bf6 {[%clk 00:00:24]} {[%emt 00:00:04]} Be2 {[%clk 00:00:10]}
{[%emt 00:00:01]} 61. g5 {[%clk 00:00:24]} Ke6 {[%clk 00:00:09]} {[%emt
00:00:03]} 62. f4 {[%clk 00:00:21]} {[%emt 00:00:06]} Bf1 {[%clk 00:00:09]}
{[%emt 00:00:02]} 63. g3 {[%clk 00:00:22]} {[%emt 00:00:01]} Bg2 {[%clk
00:00:10]} 64. b5 {[%clk 00:00:24]} Bb7 {[%clk 00:00:08]} {[%emt 00:00:04]} 65.
Kb6 {[%clk 00:00:25]} Bf3 {[%clk 00:00:08]} {[%emt 00:00:02]} 66. Kc7 {[%clk
00:00:26]} {[%emt 00:00:01]} Bg2 {[%clk 00:00:08]} {[%emt 00:00:02]} 67. b6 Kf5
{[%clk 00:00:09]} 68. b7 {[%clk 00:00:28]} {[%emt 00:00:01]} Kg4 {[%clk
00:00:09]} 69. b8=Q {[%clk 00:00:28]} {[%emt 00:00:03]} Kxg3 {[%clk 00:00:10]}
{[%emt 00:00:01]} 70. g6 {[%clk 00:00:26]} {[%emt 00:00:04]} Kxf4 {[%clk
00:00:10]} {[%emt 00:00:03]} 71. Kd7+ {[%clk 00:00:26]} {[%emt 00:00:01]} Ke4
{[%clk 00:00:11]} 72. Qe5+ {[%clk 00:00:26]} {[%emt 00:00:02]} Kd3 {[%clk
00:00:12]} {[%emt 00:00:01]} 73. Qg3+ {[%clk 00:00:27]} {[%emt 00:00:01]} Kc2
{[%clk 00:00:12]} {[%emt 00:00:02]} 74. Qxg2+ {[%clk 00:00:28]} {[%emt
00:00:01]} Kb1 {[%clk 00:00:14]} 75. Bc3 {[%clk 00:00:24]} {[%emt 00:00:06]}
Kc1 {[%clk 00:00:14]} {[%emt 00:00:02]} 76. Qd2+ {[%clk 00:00:26]} Kb1 {[%clk
00:00:15]} {[%emt 00:00:02]} 77. Qb2# {[%emt 00:00:05]} 1-0

[Event "Turniej Blitza na II Lidze Juniorów 2018"]
[Site "Szczyrk, Poland"]
[Date "2018.07.26"]
[Round "3.21"]
[White "Derylo, Kamil"]
[Black "Kukula, Karol"]
[Result "0-1"]
[TimeControl "3'+2\""]
[WhiteElo "1613"]
[BlackElo "1478"]

1. e4 {[%clk 00:03:03]} {[%emt 00:00:01]} c5 {[%clk 00:03:03]} {[%emt
00:00:01]} 2. d4 {[%clk 00:03:04]} cxd4 {[%clk 00:03:04]} {[%emt 00:00:01]} 3.
c3 {[%clk 00:03:05]} {[%emt 00:00:01]} dxc3 {[%emt 00:00:02]} 4. Nxc3 {[%clk
00:03:05]} {[%emt 00:00:02]} Nc6 {[%clk 00:03:04]} {[%emt 00:00:01]} 5. Bc4
{[%clk 00:03:04]} {[%emt 00:00:03]} d6 {[%clk 00:03:01]} {[%emt 00:00:06]} 6.
Nf3 {[%clk 00:03:02]} {[%emt 00:00:04]} g6 {[%clk 00:02:56]} {[%emt 00:00:07]}
7. e5 {[%clk 00:02:44]} {[%emt 00:00:19]} Bg7 {[%clk 00:02:20]} {[%emt
00:00:38]} 8. exd6 {[%clk 00:02:46]} {[%emt 00:00:01]} exd6 {[%clk 00:02:20]}
{[%emt 00:00:02]} 9. O-O {[%clk 00:02:40]} {[%emt 00:00:08]} Nge7 {[%clk
00:02:20]} 10. Bf4 {[%clk 00:02:27]} {[%emt 00:00:15]} O-O {[%clk 00:02:03]}
{[%emt 00:00:20]} 11. Qxd6 {[%clk 00:02:17]} {[%emt 00:00:12]} Qxd6 {[%clk
00:01:59]} {[%emt 00:00:06]} 12. Bxd6 {[%clk 00:02:18]} {[%emt 00:00:01]} Rd8
{[%clk 00:02:00]} {[%emt 00:00:01]} 13. Rad1 {[%clk 00:01:55]} {[%emt
00:00:26]} Bg4 {[%clk 00:02:00]} {[%emt 00:00:01]} 14. h3 {[%clk 00:01:43]}
{[%emt 00:00:14]} Bxf3 {[%clk 00:02:01]} 15. gxf3 {[%clk 00:01:44]} {[%emt
00:00:01]} Nf5 {[%clk 00:02:00]} {[%emt 00:00:03]} 16. Bf4 {[%clk 00:01:28]}
{[%emt 00:00:17]} Ncd4 {[%clk 00:01:47]} {[%emt 00:00:16]} 17. Bd5 {[%clk
00:00:45]} {[%emt 00:00:46]} Rac8 {[%clk 00:01:26]} {[%emt 00:00:22]} 18. Bxb7
{[%clk 00:00:42]} {[%emt 00:00:05]} Rxc3 {[%clk 00:01:27]} {[%emt 00:00:01]} 19.
bxc3 {[%clk 00:00:31]} {[%emt 00:00:12]} Ne2+ {[%clk 00:01:28]} {[%emt
00:00:01]} 20. Kh2 {[%clk 00:00:15]} {[%emt 00:00:18]} Rxd1 21. Rxd1 {[%clk
00:00:17]} Nxf4 {[%clk 00:01:28]} 22. Rd8+ {[%clk 00:00:15]} {[%emt 00:00:05]}
Bf8 {[%clk 00:01:29]} {[%emt 00:00:02]} 23. Ra8 {[%clk 00:00:10]} {[%emt
00:00:07]} Kg7 {[%clk 00:01:03]} {[%emt 00:00:28]} 24. Rxa7 {[%clk 00:00:08]}
{[%emt 00:00:04]} Bc5 {[%clk 00:01:04]} 25. Ra5 {[%clk 00:00:05]} {[%emt
00:00:04]} Bxf2 {[%clk 00:01:04]} {[%emt 00:00:02]} 26. Be4 {[%clk 00:00:06]}
{[%emt 00:00:02]} Nd6 {[%clk 00:00:52]} {[%emt 00:00:14]} 27. Ra6 {[%clk
00:00:04]} {[%emt 00:00:04]} Nxe4 28. fxe4 {[%clk 00:00:05]} Nd3 {[%clk
00:00:23]} {[%emt 00:00:05]} 29. c4 {[%emt 00:00:04]} Bc5 {[%clk 00:00:23]}
{[%emt 00:00:01]} 30. a4 {[%clk 00:00:06]} {[%emt 00:00:01]} Nb4 {[%clk
00:00:17]} {[%emt 00:00:08]} 31. Ra5 {[%clk 00:00:07]} {[%emt 00:00:01]} Bd6+
{[%clk 00:00:15]} {[%emt 00:00:40]} 0-1

[Event "Turniej Blitza na II Lidze Juniorów 2018"]
[Site "Szczyrk, Poland"]
[Date "2018.07.26"]
[Round "3.25"]
[White "Pyzio, Amelia"]
[Black "Klim, Filip"]
[Result "1-0"]
[TimeControl "3'+2\""]
[WhiteElo "1747"]
[BlackElo "1338"]

1. e4 {[%clk 00:03:02]} {[%emt 00:03:01]} c5 {[%clk 00:03:01]} {[%emt
00:00:08]} 2. Nf3 {[%clk 00:03:04]} {[%emt 00:00:02]} e6 {[%clk 00:03:01]}
{[%emt 00:00:02]} 3. d4 {[%clk 00:03:05]} {[%emt 00:00:01]} cxd4 {[%clk
00:03:02]} {[%emt 00:00:02]} 4. Nxd4 {[%clk 00:03:06]} {[%emt 00:00:01]} a6
{[%clk 00:03:00]} {[%emt 00:00:04]} 5. Bd3 {[%clk 00:03:06]} {[%emt 00:00:02]}
Nc6 {[%clk 00:03:00]} {[%emt 00:00:01]} 6. Be3 {[%clk 00:03:04]} {[%emt
00:00:04]} Nf6 {[%clk 00:02:43]} {[%emt 00:00:20]} 7. Nc3 {[%clk 00:03:01]}
{[%emt 00:00:04]} Bb4 {[%clk 00:02:29]} {[%emt 00:00:16]} 8. O-O {[%clk
00:02:52]} {[%emt 00:00:11]} d5 {[%clk 00:02:23]} {[%emt 00:00:09]} 9. exd5
{[%clk 00:02:43]} {[%emt 00:00:10]} Nxd5 {[%clk 00:02:18]} {[%emt 00:00:07]} 10.
Nxd5 {[%clk 00:02:42]} {[%emt 00:00:04]} Qxd5 {[%clk 00:02:06]} {[%emt
00:00:14]} 11. c3 {[%clk 00:02:25]} {[%emt 00:00:19]} Nxd4 {[%clk 00:01:59]}
{[%emt 00:00:08]} 12. Bxd4 {[%clk 00:02:23]} {[%emt 00:00:04]} e5 {[%clk
00:01:43]} {[%emt 00:00:18]} 13. Be3 {[%clk 00:02:16]} {[%emt 00:00:10]} Bc5
{[%clk 00:01:42]} {[%emt 00:00:03]} 14. Bb5+ {[%clk 00:02:15]} {[%emt
00:00:02]} Bd7 {[%clk 00:01:33]} {[%emt 00:00:11]} 15. Qxd5 {[%clk 00:02:13]}
{[%emt 00:00:04]} Bxb5 {[%clk 00:01:28]} {[%emt 00:00:08]} 16. Qxe5+ {[%clk
00:02:10]} {[%emt 00:00:05]} Kf8 {[%clk 00:01:23]} {[%emt 00:00:06]} 17. Bxc5+
{[%clk 00:02:11]} {[%emt 00:00:02]} Kg8 {[%clk 00:01:22]} {[%emt 00:00:03]} 18.
Rfe1 {[%clk 00:02:09]} {[%emt 00:00:04]} 1-0

[Event "Turniej Blitza na II Lidze Juniorów 2018"]
[Site "Szczyrk, Poland"]
[Date "2018.07.26"]
[Round "3.4"]
[White "Janocha, Wieslaw"]
[Black "Laszczak, Przemyslaw"]
[Result "0-1"]
[TimeControl "3'+2\""]
[WhiteTitle "FM"]
[WhiteElo "2197"]
[BlackElo "1748"]

1. e4 {[%clk 00:03:02]} c6 {[%clk 00:03:03]} {[%emt 00:00:02]} 2. d4 {[%clk
00:03:00]} {[%emt 00:00:04]} d5 {[%clk 00:03:04]} {[%emt 00:00:01]} 3. Nc3
{[%clk 00:03:01]} {[%emt 00:00:02]} dxe4 {[%clk 00:03:04]} {[%emt 00:00:02]} 4.
Nxe4 {[%clk 00:03:01]} {[%emt 00:00:01]} Bf5 {[%clk 00:03:05]} {[%emt
00:00:02]} 5. Ng3 {[%clk 00:03:00]} {[%emt 00:00:03]} Bg6 {[%clk 00:03:06]}
{[%emt 00:00:01]} 6. Nf3 {[%clk 00:03:01]} {[%emt 00:00:01]} Nd7 {[%clk
00:03:06]} {[%emt 00:00:02]} 7. h4 {[%clk 00:03:01]} {[%emt 00:00:01]} h6
{[%clk 00:03:07]} {[%emt 00:00:02]} 8. h5 {[%clk 00:03:02]} Bh7 {[%clk
00:03:08]} {[%emt 00:00:01]} 9. Bd3 {[%clk 00:03:03]} Bxd3 {[%clk 00:03:09]}
{[%emt 00:00:01]} 10. Qxd3 {[%clk 00:03:03]} {[%emt 00:00:01]} e6 {[%clk
00:03:10]} {[%emt 00:00:02]} 11. Bd2 {[%clk 00:03:04]} {[%emt 00:00:01]} Ngf6
{[%clk 00:03:10]} {[%emt 00:00:02]} 12. O-O-O {[%clk 00:03:03]} {[%emt
00:00:02]} Be7 {[%clk 00:03:11]} {[%emt 00:00:01]} 13. Ne4 {[%clk 00:02:45]}
{[%emt 00:00:20]} Nxe4 {[%clk 00:03:12]} {[%emt 00:00:02]} 14. Qxe4 {[%clk
00:02:46]} {[%emt 00:00:01]} Nf6 {[%clk 00:03:12]} {[%emt 00:00:02]} 15. Qe2
{[%clk 00:02:46]} {[%emt 00:00:02]} Qd5 {[%clk 00:03:13]} {[%emt 00:00:01]} 16.
Kb1 {[%clk 00:02:35]} {[%emt 00:00:12]} Qe4 {[%clk 00:02:55]} {[%emt 00:00:20]}
17. Qxe4 {[%clk 00:02:32]} {[%emt 00:00:06]} Nxe4 {[%clk 00:02:56]} {[%emt
00:00:02]} 18. Be3 {[%clk 00:02:33]} {[%emt 00:00:01]} O-O {[%clk 00:02:37]}
{[%emt 00:00:21]} 19. c3 {[%clk 00:02:31]} {[%emt 00:00:03]} Rfd8 {[%clk
00:02:33]} {[%emt 00:00:07]} 20. Kc2 {[%clk 00:02:31]} {[%emt 00:00:01]} c5
{[%clk 00:02:26]} {[%emt 00:00:09]} 21. dxc5 {[%clk 00:02:14]} {[%emt
00:00:19]} Bxc5 {[%clk 00:02:27]} {[%emt 00:00:01]} 22. Bxc5 {[%clk 00:02:14]}
{[%emt 00:00:03]} Nxc5 {[%clk 00:02:28]} {[%emt 00:00:01]} 23. Rde1 {[%clk
00:01:44]} {[%emt 00:00:32]} Rd5 {[%clk 00:02:09]} {[%emt 00:00:20]} 24. b4
{[%clk 00:01:39]} {[%emt 00:00:07]} Nd7 {[%clk 00:01:54]} {[%emt 00:00:14]} 25.
Rd1 {[%clk 00:01:36]} {[%emt 00:00:09]} Nf6 {[%clk 00:01:50]} {[%emt 00:00:06]}
26. Rxd5 {[%clk 00:01:29]} {[%emt 00:00:09]} Nxd5 {[%clk 00:01:51]} 27. Kb3
{[%clk 00:01:25]} {[%emt 00:00:05]} Rc8 {[%clk 00:01:50]} {[%emt 00:00:03]} 28.
c4 {[%clk 00:01:25]} {[%emt 00:00:03]} Nf6 {[%clk 00:01:27]} {[%emt 00:00:24]}
29. Ne5 {[%clk 00:01:26]} Rd8 {[%clk 00:01:27]} {[%emt 00:00:03]} 30. Rf1
{[%clk 00:00:58]} {[%emt 00:00:29]} Nxh5 {[%clk 00:01:24]} {[%emt 00:00:06]} 31.
f4 {[%clk 00:00:52]} {[%emt 00:00:08]} Rd4 {[%clk 00:01:19]} {[%emt 00:00:06]}
32. f5 {[%clk 00:00:52]} {[%emt 00:00:03]} Ng3 {[%clk 00:01:19]} {[%emt
00:00:02]} 33. fxe6 {[%clk 00:00:52]} {[%emt 00:00:02]} fxe6 {[%clk 00:00:44]}
{[%emt 00:00:36]} 34. Rf2 {[%clk 00:00:51]} {[%emt 00:00:03]} Re4 {[%clk
00:00:34]} {[%emt 00:00:12]} 35. Nd7 {[%clk 00:00:41]} {[%emt 00:00:13]} Re2
{[%clk 00:00:27]} {[%emt 00:00:09]} 36. Rxe2 {[%clk 00:00:42]} Nxe2 {[%clk
00:00:27]} {[%emt 00:00:02]} 37. Nc5 {[%clk 00:00:43]} Nf4 {[%clk 00:00:24]}
{[%emt 00:00:05]} 38. g3 {[%clk 00:00:43]} {[%emt 00:00:02]} Ne2 {[%clk
00:00:25]} {[%emt 00:00:02]} 39. g4 {[%clk 00:00:45]} Nd4+ {[%clk 00:00:23]}
{[%emt 00:00:04]} 40. Kc3 {[%clk 00:00:44]} {[%emt 00:00:02]} Nf3 {[%clk
00:00:24]} {[%emt 00:00:01]} 41. Nxb7 {[%clk 00:00:42]} {[%emt 00:00:04]} g6
{[%clk 00:00:13]} {[%emt 00:00:13]} 42. c5 {[%clk 00:00:43]} {[%emt 00:00:02]}
Ne5 {[%clk 00:00:14]} {[%emt 00:00:01]} 43. b5 {[%clk 00:00:42]} {[%emt
00:00:03]} Kf7 {[%clk 00:00:10]} {[%emt 00:00:06]} 44. c6 {[%clk 00:00:43]} Ke7
{[%clk 00:00:11]} {[%emt 00:00:01]} 45. a4 {[%clk 00:00:40]} {[%emt 00:00:06]}
h5 {[%clk 00:00:12]} {[%emt 00:00:01]} 46. gxh5 {[%clk 00:00:38]} {[%emt
00:00:04]} gxh5 {[%clk 00:00:13]} 47. Kd2 {[%clk 00:00:38]} {[%emt 00:00:02]}
a6 {[%clk 00:00:07]} {[%emt 00:00:08]} 48. c7 {[%clk 00:00:33]} {[%emt
00:00:08]} Kd7 {[%clk 00:00:08]} {[%emt 00:00:01]} 49. b6 {[%clk 00:00:34]}
Nc4+ {[%clk 00:00:06]} {[%emt 00:00:05]} 50. a5 {[%clk 00:00:35]} {[%emt
00:00:01]} Kc8+ {[%clk 00:00:06]} {[%emt 00:00:02]} 51. Nc5 {[%clk 00:00:25]}
{[%emt 00:00:12]} Nxa5 {[%clk 00:00:07]} {[%emt 00:00:02]} 52. Nxe6 {[%clk
00:00:26]} Nc4+ {[%clk 00:00:07]} 53. Nc5 {[%clk 00:00:23]} {[%emt 00:00:05]}
a5+ {[%clk 00:00:05]} {[%emt 00:00:04]} 54. b7+ {[%clk 00:00:07]} {[%emt
00:00:18]} Kxc7+ {[%clk 00:00:06]} 55. Kc3 {[%clk 00:00:09]} Nd6 {[%clk
00:00:07]} {[%emt 00:00:02]} 56. Ne6+ {[%clk 00:00:10]} Kxb7 {[%clk 00:00:07]}
{[%emt 00:00:02]} 57. Ng7 {[%clk 00:00:10]} {[%emt 00:00:01]} h4 {[%clk
00:00:08]} 58. Nh5 {[%clk 00:00:11]} h3 {[%clk 00:00:09]} {[%emt 00:00:02]} 59.
Ng3 {[%clk 00:00:13]} h2 {[%clk 00:00:09]} {[%emt 00:00:02]} 60. Kb3 {[%clk
00:00:14]} {[%emt 00:00:02]} Kb6 {[%clk 00:00:09]} {[%emt 00:00:02]} 61. Ka4
{[%clk 00:00:15]} Kc5 {[%clk 00:00:08]} {[%emt 00:00:03]} 62. Kxa5 {[%clk
00:00:16]} {[%emt 00:00:01]} Kd4 {[%clk 00:00:09]} 63. Kb4 {[%clk 00:00:17]}
Ke3 {[%clk 00:00:10]} {[%emt 00:00:01]} 64. Kc3 {[%clk 00:00:18]} Ne4+ {[%clk
00:00:11]} 65. Nxe4 {[%clk 00:00:18]} {[%emt 00:00:02]} h1=Q {[%clk 00:00:11]}
{[%emt 00:00:02]} 66. Nc5 {[%clk 00:00:18]} {[%emt 00:00:03]} Qc1+ {[%clk
00:00:11]} {[%emt 00:00:02]} 67. Kb4 {[%clk 00:00:19]} Qb2+ {[%clk 00:00:12]}
{[%emt 00:00:02]} 68. Kc4 {[%clk 00:00:20]} Qc2+ {[%clk 00:00:13]} {[%emt
00:00:01]} 69. Kb4 {[%clk 00:00:21]} Kd4 {[%clk 00:00:14]} {[%emt 00:00:01]} 70.
Nb3 {[%clk 00:00:22]} {[%emt 00:00:01]} Kd5 {[%emt 00:00:18]} 71. Na5 {[%clk
00:00:14]} {[%emt 00:00:05]} Qb2+ {[%clk 00:00:15]} {[%emt 00:00:01]} 72. Nb3
{[%clk 00:00:15]} {[%emt 00:00:02]} Qb1 {[%clk 00:00:15]} {[%emt 00:00:02]} 73.
Kc3 {[%clk 00:00:16]} {[%emt 00:00:01]} Qe4 {[%clk 00:00:13]} {[%emt 00:00:02]}
74. Nd2 {[%clk 00:00:16]} {[%emt 00:00:03]} Qe3+ {[%clk 00:00:14]} {[%emt
00:00:01]} 75. Kc2 {[%clk 00:00:17]} {[%emt 00:00:01]} Kd4 {[%clk 00:00:14]}
{[%emt 00:00:02]} 76. Nb3+ {[%clk 00:00:18]} {[%emt 00:00:01]} Kc4 {[%clk
00:00:14]} {[%emt 00:00:02]} 77. Nd2+ {[%clk 00:00:19]} Kb4 {[%clk 00:00:16]}
{[%emt 00:00:01]} 78. Nb1 {[%clk 00:00:19]} Qb3+ {[%clk 00:00:15]} {[%emt
00:00:03]} 79. Kc1 {[%clk 00:00:21]} Qa2 {[%clk 00:00:15]} {[%emt 00:00:02]} 80.
Nd2 {[%clk 00:00:21]} {[%emt 00:00:02]} Kc3 {[%clk 00:00:16]} {[%emt 00:00:01]}
81. Ne4+ {[%clk 00:00:21]} {[%emt 00:00:02]} Kd3 {[%clk 00:00:16]} {[%emt
00:00:02]} 82. Nc5+ {[%clk 00:00:22]} {[%emt 00:00:01]} Kd4 {[%emt 00:00:11]}
0-1

[Event "Turniej Blitza na II Lidze Juniorów 2018"]
[Site "Szczyrk, Poland"]
[Date "2018.07.26"]
[Round "3.28"]
[White "Majewski, Krzysztof"]
[Black "Huchwajda, Katarzyna"]
[Result "1-0"]
[TimeControl "3'+2\""]
[WhiteElo "1323"]
[BlackElo "1690"]

1. e4 {[%clk 00:03:02]} {[%emt 00:00:02]} c5 {[%clk 00:03:03]} {[%emt
00:00:01]} 2. Nf3 {[%clk 00:03:03]} {[%emt 00:00:01]} e6 {[%clk 00:03:04]}
{[%emt 00:00:02]} 3. c3 {[%clk 00:03:00]} {[%emt 00:00:04]} Nc6 {[%clk
00:03:02]} {[%emt 00:00:03]} 4. d4 {[%clk 00:03:01]} {[%emt 00:00:01]} cxd4
{[%clk 00:03:03]} {[%emt 00:00:01]} 5. cxd4 {[%clk 00:03:02]} {[%emt 00:00:02]}
Bb4+ {[%clk 00:02:58]} {[%emt 00:00:06]} 6. Nc3 {[%clk 00:03:01]} {[%emt
00:00:03]} d6 {[%clk 00:02:47]} {[%emt 00:00:12]} 7. Bd3 {[%clk 00:03:01]}
{[%emt 00:00:02]} Nf6 {[%clk 00:02:46]} {[%emt 00:00:03]} 8. O-O {[%clk
00:03:02]} {[%emt 00:00:02]} O-O {[%clk 00:02:46]} {[%emt 00:00:02]} 9. Bg5
{[%clk 00:03:02]} {[%emt 00:00:02]} h6 {[%clk 00:02:46]} {[%emt 00:00:02]} 10.
Bh4 {[%clk 00:03:03]} e5 {[%clk 00:02:35]} {[%emt 00:00:13]} 11. Nd5 {[%emt
00:00:09]} Bg4 {[%clk 00:02:00]} {[%emt 00:00:35]} 12. dxe5 {[%clk 00:02:21]}
{[%emt 00:00:39]} dxe5 {[%clk 00:01:56]} {[%emt 00:00:06]} 13. Be2 {[%clk
00:02:20]} {[%emt 00:00:03]} Qd6 {[%clk 00:01:34]} {[%emt 00:00:23]} 14. Bxf6
{[%clk 00:02:15]} {[%emt 00:00:08]} gxf6 {[%clk 00:01:35]} {[%emt 00:00:02]} 15.
Nh4 {[%clk 00:02:15]} Bxe2 {[%clk 00:01:31]} {[%emt 00:00:05]} 16. Qxe2 {[%clk
00:02:15]} {[%emt 00:00:02]} Nd4 {[%clk 00:01:16]} {[%emt 00:00:17]} 17. Qh5
{[%clk 00:01:48]} {[%emt 00:00:29]} Kh7 {[%clk 00:01:12]} {[%emt 00:00:05]} 18.
f4 {[%clk 00:01:38]} {[%emt 00:00:15]} Bc5 {[%clk 00:00:46]} {[%emt 00:00:25]}
19. Kh1 {[%clk 00:01:38]} {[%emt 00:00:04]} Ne2 {[%clk 00:00:17]} {[%emt
00:00:31]} 20. Qxe2 {[%clk 00:01:31]} {[%emt 00:00:09]} Bd4 {[%clk 00:00:09]}
{[%emt 00:00:10]} 21. fxe5 {[%clk 00:01:29]} {[%emt 00:00:04]} Bxe5 {[%clk
00:00:09]} {[%emt 00:00:02]} 22. Nf5 {[%clk 00:01:28]} {[%emt 00:00:02]} Qc5
{[%clk 00:00:07]} {[%emt 00:00:04]} 23. Qh5 {[%clk 00:01:29]} {[%emt 00:00:02]}
Qd6 {[%emt 00:00:05]} 1-0